000 00672nam a2200289Ia 4500
005 20260324120645.0
008 008 260324s9999 xx 000 0 eng d
020 _a9781315653693
037 _aEBOOK
040 _aCRL
040 _beng
040 _cCRL
041 _2eng
041 _aeng
084 _qCRL
100 _aMarta Bertolaso
_91050384
245 4 _aThe Future of Scientific Practice
245 0 _b'Bio-Techno-Logos'
260 _bTaylor and Francis
260 _c2015
365 _a
365 _b240
856 _uhttp://www.taylorfrancis.com/books/9781315653693
942 _cEBOOK
999 _c1751094
_d1751094